01122nam a22003257a 45000010005000000030009000050050017000140070005000310080042000360200015000780400022000930820017001151000022001322400039001542450106001932600031002993000027003304900051003576500032004086500023004407000028004637000023004918300051005149420012005659450027005779520119006049560021007239560037007449990015007810074DO-SdBNP20180131131901.00074151008b sp 1989 sp 00| 0 spa d a8427249241 aBPMSUbspacBPMSU a823bC273mis10aHitchcock, Alfred aM. of death trap mine.lEspañol.10aMisterio de la mina mortal /cM. V. Carey ; traducción Ramón Margalef ; ilustración R. Escolano aBarcelona :bMolino,c1983 a191 p. :bil.,c21 cm.10aAlfred Hitchcock y los tres investigadoresv24 aNOVELA POLICÍACA INGLESA aLITERATURA INGLESA10aMargalef, Ramón,etr.10aEscolano, R.,eil. 0aAlfred Hitchcock y los tres investigadoresn24 2ddccBK aInventariado, 2018/ YL 00102ddc4070aBPMETbBPMETd2015-10-08eDonaciónl0o823 C273mispBPMSU15100066r2015-10-08w2015-10-08yBK aBrenda Tavárez aValidado. Control de calidad MFF c8344d8344